00518nam a2200157Ia 4500100001600000942000700016654001300023245003700036260002600073082000800099300000800107546001200115999001700127952010800144952010800252 aPiskunov/N  cBK acalculus aDifferential & Integral Calculus bMir Publishersc2001 a515 a895 aENGLISH c25328d25328 001040708AFTaCRCEbCRCEd2023-03-17g6.00i3424l0o515 pAFT1058r2023-03-17v6.00w2023-03-17yBK 001040708AFTaCRCEbCRCEd2023-03-17g9.60i3424l0o515 pAFT1059r2023-03-17v9.60w2023-03-17yBK